Rainbow sticker fun snow white and seven dwarfs / (Record no. 169137)

MARC details
000 -LEADER
fixed length control field 00670nam a22001937a 4500
005 - DATE AND TIME OF LATEST TRANSACTION
control field 20191107161107.0
010 ## - LCCN (DPL NO)
LC control number B-730889
020 ## - INTERNATIONAL STANDARD BOOK NUMBER
International Standard Book Number 9788181533463
Terms of availability 70.00
035 ## - SYSTEM CONTROL NUMBER
System control number B-730889
037 ## - SOURCE OF ACQUISITION
Source of stock number/acquisition Rainbow Books
082 ## - DEWEY DECIMAL CLASSIFICATION NUMBER
Classification number S
245 ## - TITLE STATEMENT
Title Rainbow sticker fun snow white and seven dwarfs /
260 ## - PUBLICATION, DISTRIBUTION, ETC. (IMPRINT)
Place of publication, distribution, etc Delhi
Name of publisher, distributor, etc Rainbow Books
Date of publication, distribution, etc 2018
270 ## - ADDRESS
Address F-32, Strret No.-12, Parwana Road, Jagat Puri
City Delhi
Postal code 110051
300 ## - PHYSICAL DESCRIPTION
Extent 16p.
Dimensions 27cm (pbk)
Other physical details ill.
490 ## - SERIES STATEMENT
Series statement Sticker fun fairy tales
942 ## - ADDED ENTRY ELEMENTS (KOHA)
Source of classification or shelving scheme Dewey Decimal Classification
Item type Children Books
Call number suffix RAI
Classification part S
Holdings
Withdrawn status Lost status Not for loan Collection code Home library Current library Date acquired Source of acquisition Cost, normal purchase price Full call number Barcode Copy number Cost, replacement price Koha item type
      Fiction Kadipur Kadipur 07/11/2019 Gift/ Eng (Ch.) /31.10.2019 70.00 S RAI B-730889 1 70.00 Children Books

© Delhi Public Library
Hit Counter
free hit counter